000 01010nam a2200301Ia 4500
003 OSt
005 20221007121057.0
006 a|||||r|||| 00| 0
007 ta
008 221006b |||||||| |||| 00| 0 eng d
020 _a9780071222129 (pbk)
024 _a117839
037 _b252, 10/12/2010, N R Book Distributors
_cTextbook
040 _aBDL
_cBDL
_beng
041 _2eng
_aeng
082 _aI, Q1 Carb
100 _aBidlack James E
_9710611
245 0 _aStern's introductory plant biology
_b Jansky Shelley H
250 _a12
260 _aNew
_bYork McGraw Hill
_c2011
300 _axviii, 622p.
_ccm.
500 _aIncludes bibliographical references.; Appendices 1-5, 515-591p.; Glossary 592-604p.; Index 607-622p.
650 _a Plant biology
_9710612
650 _aBotany
700 _a Jansky Shelley H
_9710613
942 _hI, Q1 Carb
_cTB
_2CC
999 _c1208415
_d1208415